João Francisco Lisboa : (Record no. 1276)

MARC details
000 -LÍDER
Campo Fixo de Controle 00746nam a2200241 a 4500
001 - NÚMERO DE CONTROLE
Campo de Controle 1276
003 - IDENTIFICAÇÃO DO NÚMERO DE CONTROLE
Campo de Controle BR-CuiBMT
005 - DATA E HORA DA ÚLTIMA ATUALIZAÇÃO
Campo de Controle 20231207214322.0
008 - DADOS FIXOS
Dados Fixos 231203s2012 dtb 001 0 por d
040 ## - AGÊNCIA CATALOGADORA
Código da Agência Catalogadora BR-CuiBMT
Agência que transcreveu o registro BR-CuiBMT
080 ## - Nº DA CLASSIFICAÇÃO DECIMAL UNIVERSAL
Nº edição CDU 2007
Nº Class. CDU 929
090 ## - NÚMERO DE CHAMADA
Nº classificação 929
Cutter N724j
100 1# - ENTRADA PRINCIPAL -- AUTOR PESSOAL
Nome pessoal Niskier, Arnaldo,
Datas associadas ao nome 1935-
245 10 - TÍTULO PRINCIPAL
Título principal João Francisco Lisboa :
Subtítulo o timon maranhense /
Indicação de responsabilidade Arnaldo Niskier
260 ## - PUBLICAÇÃO, DISTRIBUIÇÃO, ETC.
Local de publicação Brasília :
Editora Senado Federal,
-- Conselho Editorial,
Data 2012.
300 ## - DESCRIÇÃO FÍSICA
N. páginas ou volumes 128 p. ;
Dimensões 21 cm
490 1# - INDICAÇÃO DE SÉRIE
Título da série Coleção edições do Senado Federal ;
Volume/designação sequencial da série v. 182
504 ## - NOTA DE BIBLIOGRAFIA, ETC.
Nota de bibliografia Inclui bibliografia e índice.
650 ## - ASSUNTO TÓPICO
Cabeçalho tópico ou nome geográfico Biografia
Subdivisão geográfica Brasil
650 ## - ASSUNTO TÓPICO
Cabeçalho tópico ou nome geográfico Jornalista
Subdivisão geográfica Brasil
830 #0 - ENTRADA SECUNDÁRIA DE SÉRIE -- TÍTULO UNIFORME
Título uniforme Edições do Senado Federal ;
Nº do volume/designação sequencial da série 182
942 ## - ELEMENTOS DE ENTRADA ADICIONAIS (KOHA)
Fonte de classificação ou esquema de arquivamento Classificação Decimal Universal
Tipo de item do Koha Livros
Holdings
Estado: removido Estado: perdido Fonte de classificação ou esquema de arquivamento Estado: danificado Indisponível para empréstimo Localização permanente Localização atual Data de aquisição Total Checkouts Número de Chamada completo Código de barras Date last seen Número do exemplar Preço efetivo a partir de Tipo de item (Koha)
    Classificação Decimal Universal     Biblioteca da Escola Superior de Contas do TCE/MT Biblioteca da Escola Superior de Contas do TCE/MT 03/12/2023   929 N724j BIBTCEMT23120094 03/12/2023 Ex. 1 03/12/2023 Livros

Powered by Koha